Diccionario de símbolos
Uloženo v:
| Hlavní autor: | |
|---|---|
| Médium: | Kniha |
| Jazyk: | španělština |
| Vydáno: |
Barcelona
Labor
1981
|
| Vydání: | 4a. ed |
| Edice: | Series de la NCL. Siena: arte
|
| Témata: | |
| Tagy: |
Přidat tag
Žádné tagy, Buďte první, kdo vytvoří štítek k tomuto záznamu!
|
MARC
| LEADER | 00000nam a2200000 a 4500 | ||
|---|---|---|---|
| 001 | UCZ1131 | ||
| 003 | CL-VaPUC | ||
| 008 | 950811e19810000SP |||||||||||||||||spa|d | ||
| 082 | 0 | 4 | |a 709.0347 |b CIR |2 21 |
| 100 | |a Cirlot, Juan Eduardo |e author |9 304005 | ||
| 245 | 1 | 0 | |a Diccionario de símbolos |
| 250 | |a 4a. ed | ||
| 300 | |a 473 p | ||
| 942 | |c BK | ||
| 945 | |d 19950811 00:00:00 |a cmena | ||
| 260 | |a Barcelona |b Labor |c 1981 | ||
| 650 | 0 | |a Arte |9 265238 | |
| 650 | 0 | |a Diccionarios |9 256200 | |
| 650 | 0 | |a Símbolos |9 267425 | |
| 650 | 0 | |a Lenguajes simbólicos |9 328174 | |
| 583 | |a last modification |c 19950811 00:00:00 |k Rodrigo Vera | ||
| 490 | 0 | |a Series de la NCL. Siena: arte | |
| 999 | |c 237936 |d 237934 | ||
| 952 | |0 0 |1 0 |4 0 |6 709_034700000000000_CIR_1981 |7 0 |8 X |9 247758 |a BIBEDU |b BIBEDU |d 2019-11-18 |i 1556398 |o 709.0347 CIR 1981 |p 1556398 |r 2023-01-13 |w 2019-11-18 |y BK_X |k EDU | ||